<?xml version="1.0" encoding="UTF-8"?>
<record
    xmlns:xsi="http://www.w3.org/2001/XMLSchema-instance"
    xsi:schemaLocation="http://www.loc.gov/MARC21/slim http://www.loc.gov/standards/marcxml/schema/MARC21slim.xsd"
    xmlns="http://www.loc.gov/MARC21/slim">

  <leader>03798nam a2200481 i 4500</leader>
  <controlfield tag="001">51958</controlfield>
  <controlfield tag="003">FINmELB</controlfield>
  <controlfield tag="005">20241216232343.0</controlfield>
  <controlfield tag="006">m     o  u        </controlfield>
  <controlfield tag="007">cr cn|||||||||</controlfield>
  <controlfield tag="008">211013s2008    ag      obd   000 0 spa d</controlfield>
  <datafield tag="020" ind1=" " ind2=" ">
    <subfield code="z">9789871305322</subfield>
  </datafield>
  <datafield tag="035" ind1=" " ind2=" ">
    <subfield code="a">(OCoLC)1280140347</subfield>
  </datafield>
  <datafield tag="040" ind1=" " ind2=" ">
    <subfield code="a">FINmELB</subfield>
    <subfield code="b">spa</subfield>
    <subfield code="e">rda</subfield>
    <subfield code="c">FINmELB</subfield>
  </datafield>
  <datafield tag="050" ind1="0" ind2="0">
    <subfield code="a">CD945</subfield>
    <subfield code="b">.M378 2008</subfield>
  </datafield>
  <datafield tag="080" ind1=" " ind2=" ">
    <subfield code="a">930.25</subfield>
  </datafield>
  <datafield tag="082" ind1="0" ind2="4">
    <subfield code="a">027.003</subfield>
    <subfield code="2">23</subfield>
  </datafield>
  <datafield tag="100" ind1="1" ind2=" ">
    <subfield code="a">Mastropierro, Mar&#xED;a del Carmen,</subfield>
    <subfield code="e">autor.</subfield>
  </datafield>
  <datafield tag="245" ind1="1" ind2="0">
    <subfield code="a">Diccionario de archiv&#xED;stica en espa&#xF1;ol con un anexo multiling&#xFC;e y cuadro de fuentes de las entradas terminol&#xF3;gicas /</subfield>
    <subfield code="c">Mar&#xED;a del Carmen Mastropierro ; colaboraci&#xF3;n, In&#xE9;s Casanova.</subfield>
  </datafield>
  <datafield tag="250" ind1=" " ind2=" ">
    <subfield code="a">1a edici&#xF3;n.</subfield>
  </datafield>
  <datafield tag="264" ind1=" " ind2="1">
    <subfield code="a">Buenos Aires :</subfield>
    <subfield code="b">Alfagrama Ediciones,</subfield>
    <subfield code="c">2008.</subfield>
  </datafield>
  <datafield tag="300" ind1=" " ind2=" ">
    <subfield code="a">1 recurso en l&#xED;nea (302 p&#xE1;ginas)</subfield>
  </datafield>
  <datafield tag="336" ind1=" " ind2=" ">
    <subfield code="a">texto</subfield>
    <subfield code="b">txt</subfield>
    <subfield code="2">rdacontent/spa</subfield>
  </datafield>
  <datafield tag="337" ind1=" " ind2=" ">
    <subfield code="a">computadora</subfield>
    <subfield code="b">c</subfield>
    <subfield code="2">rdamedia/spa</subfield>
  </datafield>
  <datafield tag="338" ind1=" " ind2=" ">
    <subfield code="a">recurso en l&#xED;nea</subfield>
    <subfield code="b">cr</subfield>
    <subfield code="2">rdacarrier/spa</subfield>
  </datafield>
  <datafield tag="490" ind1="1" ind2=" ">
    <subfield code="a">Biblioteca Alfagrama. Archiv&#xED;stica ;</subfield>
    <subfield code="v">6</subfield>
  </datafield>
  <datafield tag="504" ind1=" " ind2=" ">
    <subfield code="a">Incluye referencias bibliogr&#xE1;ficas (p&#xE1;ginas [15]-16).</subfield>
  </datafield>
  <datafield tag="505" ind1="0" ind2=" ">
    <subfield code="a">P&#xC1;GINA LEGAL -- &#xCD;NDICE -- PR&#xD3;LOGO -- PALABRAS PRELIMINARES DEC&#xC1;LOGO DE COMENTARIOS AL LECTOR -- LISTADO DE FUENTES -- DICCIONARIO -- CUADRO DE FUENTES DE LAS ENTRADAS TERMINOL&#xD3;GICAS -- ANEXO MULTILING&#xDC;E DE T&#xC9;RMINOS ARCHIV&#xCD;STICOS.</subfield>
  </datafield>
  <datafield tag="520" ind1=" " ind2=" ">
    <subfield code="a">El Diccionario de Archiv&#xED;stica en espa&#xF1;ol de Mar&#xED;a del Carmen Mastropierro viene a cubrir un espacio largo tiempo reclamado en nuestro &#xE1;mbito profesional, el de obras lexicogr&#xE1;ficas que nos ayuden a fijar los t&#xE9;rminos y los conceptos de nuestra &#xE1;rea de conocimiento y actividad. En esta ocasi&#xF3;n se trata de una obra individual, dentro de la l&#xED;nea de publicaciones tan fecunda de la autora, en la que se fijan los conceptos de cerca de mil quinientas voces, lo que supone un esfuerzo muy apreciable y un trabajo de consideraci&#xF3;n. La Archiv&#xED;stica en general y la producci&#xF3;n bibliogr&#xE1;fica en lengua espa&#xF1;ola, en particular, denotan una escasez clamorosa de obras de este tipo. Desde el famoso Dictionary of Archival Terminology del Consejo Internacional de Archivos (1984 y 1988), pocas obras han visto la luz y menos a&#xFA;n en nuestra lengua. En esta ocasi&#xF3;n se nos ofrece un trabajo amplio y bien nutrido de voces, a las que corresponden conceptos claros y f&#xE1;ciles de comprender. El diccionario de Archiv&#xED;stica que el lector tiene en sus manos posee una estructura que lo hace f&#xE1;cil de manejar, permite conocer la frecuencia con que cada t&#xE9;rmino aparece recogido en las obras sobre las que se basa, as&#xED; como su tipolog&#xED;a. Facilidad y agilidad tantas veces a&#xF1;oradas en obras de este tipo. S&#xF3;lo me cabe dar la m&#xE1;s sincera enhorabuena a la autora, que hago extensiva a la editorial Alfagrama por su esfuerzo mutuo; a la primera por sistematizar y sintetizar con su habitual profesionalidad y por la generosidad de compartir su conocimiento con todos nosotros, a la segunda por apostar valientemente por un &#xE1;mbito tan necesitado de obras como &#xE9;sta. Del pr&#xF3;logo de Jos&#xE9; Ram&#xF3;n Cruz Mundet.</subfield>
  </datafield>
  <datafield tag="588" ind1=" " ind2=" ">
    <subfield code="a">Descripci&#xF3;n basada en metadatos suministrados por el editor y otras fuentes.</subfield>
  </datafield>
  <datafield tag="590" ind1=" " ind2=" ">
    <subfield code="a">Recurso electr&#xF3;nico. Santa Fe, Arg.: elibro, 2021. Disponible v&#xED;a World Wide Web. El acceso puede estar limitado para las bibliotecas afiliadas a elibro.</subfield>
  </datafield>
  <datafield tag="650" ind1=" " ind2="0">
    <subfield code="a">Archives</subfield>
    <subfield code="v">Dictionaries</subfield>
    <subfield code="x">Spanish.</subfield>
  </datafield>
  <datafield tag="650" ind1=" " ind2="4">
    <subfield code="a">Diccionarios.</subfield>
  </datafield>
  <datafield tag="650" ind1=" " ind2="4">
    <subfield code="a">Archiv&#xED;stica.</subfield>
  </datafield>
  <datafield tag="655" ind1=" " ind2="4">
    <subfield code="a">Libros electr&#xF3;nicos.</subfield>
  </datafield>
  <datafield tag="700" ind1="1" ind2=" ">
    <subfield code="a">Casanova, In&#xE9;s.</subfield>
  </datafield>
  <datafield tag="797" ind1="2" ind2=" ">
    <subfield code="a">elibro, Corp.</subfield>
  </datafield>
  <datafield tag="830" ind1=" " ind2="0">
    <subfield code="a">Biblioteca Alfagrama.</subfield>
    <subfield code="p">Archiv&#xED;stica ;</subfield>
    <subfield code="v">6.</subfield>
  </datafield>
  <datafield tag="856" ind1="4" ind2="0">
    <subfield code="u">https://elibro.net/ereader/politecnicointernacional/188007</subfield>
  </datafield>
  <datafield tag="999" ind1=" " ind2=" ">
    <subfield code="c">51958</subfield>
    <subfield code="d">51958</subfield>
  </datafield>
</record>
